000
00441nam a2200145Ia 4500
008
100204s9999 xx 000 0 und d
082
_b
4817
100
_a
जोगळेकर योगिनी
245
_a
धागे दोरे
260
_b
"स्मिता प्रकाशन, पुणे 30"
_c
1982
300
_a
212
630
_a
धागे दोरे
730
_a
धागे दोरे
942
_c
BOOK
999
_c
449497
_d
449494